[Event "45th Olympiad 2024"]
[Site "Budapest HUN"]
[Date "2024.09.16"]
[Round "6.36"]
[Board "4"]
[White "Arunnuntapanich, Tinnakrit"]
[Black "Karacsonyi, Gellert"]
[Result "1/2-1/2"]
[WhiteTitle "FM"]
[BlackTitle "IM"]
[WhiteElo "2064"]
[BlackElo "2403"]
[WhiteTeam "Thailand"]
[BlackTeam "Hungary C"]
[WhiteFideId "6202039"]
[BlackFideId "764620"]
[EventDate "2024.09.11"]

1. d4 Nf6 2. c4 e6 3. Nc3 Bb4 4. f3 c5 5. a3 Bxc3+ 6. bxc3 Nc6 7. e4 d6 8. d5
Na5 9. Bd3 b6 10. Ne2 Ba6 11. Ng3 Nd7 12. f4 Qe7 13. O-O O-O-O 14. Rb1 g6 15.
Re1 Rhe8 16. Be3 h5 17. Nf1 exd5 18. exd5 Qf6 19. Nd2 Qxc3 20. Ne4 Rxe4 21. Bxe4
Re8 22. Bf2 Nxc4 23. Rc1 Nb2 24. Qc2 Qxc2 25. Bxc2 Rxe1+ 26. Rxe1 Bd3 27. Re8+
Kc7 28. Bxd3 Nxd3 29. Be3 c4 30. Kf1 b5 31. Re7 a5 32. Ke2 b4 33. axb4 axb4 34.
Rxf7 b3 35. Kd2 b2 36. Kc2 c3 37. Bd4 Nb4+ 38. Kb1 Nxd5 39. f5 gxf5 40. Rxf5
N7b6 41. Bxc3 Nxc3+ 42. Kxb2 Nd1+ 43. Kb3 Ne3 44. Rxh5 Nxg2 45. h4 Kc6 1/2-1/2

[Event "45th Olympiad 2024"]
[Site "Budapest HUN"]
[Date "2024.09.16"]
[Round "6.41"]
[Board "2"]
[White "Rodriguez Santiago, Jaime"]
[Black "Fluvia Poyatos, Jordi"]
[Result "1-0"]
[WhiteTitle "FM"]
[BlackTitle "IM"]
[WhiteElo "2002"]
[BlackElo "2438"]
[WhiteTeam "Puerto Rico"]
[BlackTeam "Andorra"]
[WhiteFideId "3100898"]
[BlackFideId "2214334"]
[EventDate "2024.09.11"]

1. d4 d5 2. c4 e5 3. dxe5 d4 4. Nf3 Nc6 5. Nbd2 Nge7 6. Nb3 Nf5 7. g3 a5 8. Bg2
a4 9. Nbd2 h5 10. h3 Be7 11. O-O g5 12. Ne4 g4 13. hxg4 hxg4 14. Nh2 Nxe5 15.
Qc2 Be6 16. Bf4 Ng6 17. Bd2 Ng7 18. b4 axb3 19. Qxb3 f5 20. Nc5 Bxc5 21. Qb5+ c6
22. Qxc5 f4 23. Rab1 Rh5 24. Qb4 Bc8 25. a4 Qg5 26. Qd6 Kf7 27. gxf4 Qc5 28.
Qc7+ Qe7 29. Qxe7+ Kxe7 30. a5 Ne6 31. f5 Rxf5 32. Be4 Nc5 33. Bb4 Kd6 34. Rfd1
Nf4 35. Bxf5 Bxf5 36. Rb2 d3 37. exd3 Nxd3 38. Rxd3+ Bxd3 39. Rd2 Ke6 40. Bxc5
Rxa5 41. Rxd3 Rxc5 42. Rd4 b5 43. cxb5 cxb5 44. Nxg4 Rc8 45. Kf1 Rb8 46. Ke2 b4
47. Kd2 b3 48. Kc1 Kf5 49. Kb2 Rb7 50. Ne3+ Ke5 51. Rd3 Ke4 52. Rxb3 Rd7 53. Kc2
Kf3 54. Nd1+ Ke4 55. Re3+ Kf4 56. Rd3 Ra7 57. Kd2 Ke4 58. Ke2 Ra2+ 59. Rd2 Ra3
60. Ne3 1-0

[Event "45th Olympiad 2024"]
[Site "Budapest HUN"]
[Date "2024.09.16"]
[Round "6.47"]
[Board "4"]
[White "Pastor Carvajal, Jeigoth"]
[Black "Amdouni, Zoubaier"]
[Result "0-1"]
[WhiteTitle "CM"]
[BlackTitle "FM"]
[WhiteElo "2120"]
[BlackElo "2151"]
[WhiteTeam "Costa Rica"]
[BlackTeam "Tunisia"]
[WhiteFideId "6516718"]
[BlackFideId "5500419"]
[EventDate "2024.09.11"]

1. e4 c5 2. Nc3 Nc6 3. f4 g6 4. Nf3 Bg7 5. a4 e6 6. e5 d6 7. Bb5 Ne7 8. Ne4 dxe5
9. fxe5 O-O 10. Nf6+ Kh8 11. d4 Nd5 12. dxc5 Nxe5 13. Nxd5 exd5 14. O-O Nxf3+
15. Qxf3 Be6 16. Ra3 Rc8 17. b4 a6 18. Be2 a5 19. c3 Bf5 20. Be3 Re8 21. Rd1 Qe7
22. Kf2 Bg4 23. Qxg4 Qxe3+ 24. Kf1 axb4 25. Ra2 bxc3 26. Rxd5 Rxc5 27. Rxc5 Qxc5
28. Qc4 Qe3 29. Qd3 Qf4+ 30. Qf3 Qc1+ 31. Bd1 Rd8 32. Ke1 Qb1 33. Rc2 Qb3 34.
Kf1 Qc4+ 35. Be2 Qxa4 36. Bd3 b5 37. Qxf7 Rf8 0-1

[Event "45th Olympiad 2024"]
[Site "Budapest HUN"]
[Date "2024.09.16"]
[Round "6.52"]
[Board "2"]
[White "Djabri, Massinas"]
[Black "Capella, Rurik"]
[Result "1-0"]
[WhiteTitle "FM"]
[BlackTitle "FM"]
[WhiteElo "2280"]
[BlackElo "1971"]
[WhiteTeam "Algeria"]
[BlackTeam "Netherlands Antilles"]
[WhiteFideId "7905726"]
[BlackFideId "7501005"]
[EventDate "2024.09.11"]

1. d4 g6 2. c4 Bg7 3. e4 Nc6 4. Nf3 e5 5. d5 Nd4 6. Nxd4 exd4 7. Bd3 d6 8. O-O
Nh6 9. Nd2 O-O 10. Nf3 Bg4 11. h3 Bxf3 12. Qxf3 f5 13. Bxh6 fxe4 14. Qxe4 Bxh6
15. Qxd4 Rf4 16. Qe3 Qf8 17. Rae1 Qg7 18. Re2 b6 19. g3 Rf7 20. f4 g5 21. fxg5
Bxg5 22. Qe6 Rf8 23. Ref2 h5 24. Bg6 Kh8 25. Rxf7 1-0

[Event "45th Olympiad 2024"]
[Site "Budapest HUN"]
[Date "2024.09.16"]
[Round "6.53"]
[Board "4"]
[White "Abdul Khaliq, Wais"]
[Black "Mendez Ramirez, Victor"]
[Result "1-0"]
[BlackTitle "FM"]
[WhiteElo "1968"]
[BlackElo "2191"]
[WhiteTeam "Afghanistan"]
[BlackTeam "Dominican Republic"]
[WhiteFideId "11700467"]
[BlackFideId "6419690"]
[EventDate "2024.09.11"]

1. d4 Nf6 2. c4 b6 3. Nc3 Bb7 4. Bg5 e6 5. e3 Bb4 6. Ne2 h6 7. Bh4 g5 8. Bg3 Ne4
9. Qb3 Nxg3 10. hxg3 Bf8 11. g4 d6 12. Ng3 Nd7 13. f3 Qe7 14. Qa4 a6 15. Bd3
O-O-O 16. b4 c5 17. Be4 d5 18. cxd5 cxd4 19. dxe6 dxc3 20. exd7+ Kb8 21. a3 Qd6
22. Kf2 Qd2+ 23. Ne2 Bxe4 24. Rhd1 Qc2 25. Qxa6 Bb7 26. Qxb6 Be7 27. Rac1 Qg6
28. Qa5 Bd6 29. Nxc3 Bc7 30. Qa4 Qe6 31. Ne4 Qa6 32. Qc2 Bb6 33. Nc5 Qb5 34. a4
Qc6 35. Na6+ Ka7 36. Qxc6 Bxc6 37. Rxc6 Kb7 38. b5 Ra8 39. Rdd6 Ba5 40. Nc5+ Kb8
41. b6 Rd8 42. Rc8+ Rxc8 43. dxc8=Q+ Kxc8 44. b7+ 1-0

[Event "45th Olympiad 2024"]
[Site "Budapest HUN"]
[Date "2024.09.16"]
[Round "6.54"]
[Board "1"]
[White "Cogan, Nicolas"]
[Black "Cabralis, Quinn"]
[Result "0-1"]
[BlackTitle "FM"]
[WhiteElo "2112"]
[BlackElo "2169"]
[WhiteTeam "Cote d’Ivoire"]
[BlackTeam "Trinidad & Tobago"]
[WhiteFideId "679356"]
[BlackFideId "7700440"]
[EventDate "2024.09.11"]

1. d4 d5 2. c4 e6 3. Nc3 Nf6 4. cxd5 exd5 5. Bg5 Bb4 6. e3 h6 7. Bxf6 Qxf6 8.
Bd3 c5 9. Ne2 c4 10. Bc2 O-O 11. O-O Rd8 12. Nf4 Bxc3 13. bxc3 Nc6 14. Rb1 Rb8
15. a4 Ne7 16. f3 Nf5 17. Qd2 Qg5 18. Rf2 Nh4 19. e4 dxe4 20. fxe4 a6 21. Rb6
Qa5 22. Rb4 b5 23. g3 Ng6 24. Nxg6 fxg6 25. Qf4 Qb6 26. Qf7+ Kh7 27. e5 Qe6 28.
Be4 Qg4 29. Bf3 Qg5 30. Qf4 Qe7 31. Be4 Qe6 32. h4 Bb7 33. axb5 Rf8 34. Qe3 Rxf2
35. Kxf2 Qh3 36. Bxb7 Rxb7 37. Kg1 axb5 38. Rb1 Ra7 39. Qf2 Ra3 40. Rc1 b4 41.
h5 b3 42. Re1 Ra2 43. hxg6+ Kxg6 44. Qf3 b2 45. e6 Ra1 46. Qe4+ Qf5 47. e7 Qxe4 0-1

[Event "45th Olympiad 2024"]
[Site "Budapest HUN"]
[Date "2024.09.16"]
[Round "6.73"]
[Board "3"]
[White "Zaw, Ye Htut"]
[Black "Gumireddy, Sanjay"]
[Result "1-0"]
[WhiteElo "1815"]
[BlackElo "1907"]
[WhiteTeam "Myanmar"]
[BlackTeam "Isle of Man"]
[WhiteFideId "13013955"]
[BlackFideId "448885"]
[EventDate "2024.09.11"]

1. e4 d6 2. d4 Nf6 3. Nc3 Nbd7 4. Nf3 e5 5. dxe5 dxe5 6. Bc4 Bb4 7. O-O c6 8. a3
Bxc3 9. bxc3 O-O 10. Re1 Qa5 11. Ba2 b6 12. Bg5 Bb7 13. Bxf6 Nxf6 14. Qd6 Qxc3
15. Nxe5 Rae8 16. Nxf7 Rxf7 17. Qc7 Nd5 18. Bxd5 Qxe1+ 19. Rxe1 cxd5 20. Qc3
dxe4 21. f3 Rc8 22. Qb3 exf3 23. gxf3 Kf8 24. Qb4+ Rc5 25. Re5 Rc7 26. Rxc5 Rxc5
27. Qf4+ Ke7 28. Qb8 Bxf3 29. Qxa7+ Kf6 30. Qxb6+ Rc6 31. Qf2 1-0

[Event "45th Olympiad 2024"]
[Site "Budapest HUN"]
[Date "2024.09.16"]
[Round "6.77"]
[Board "4"]
[White "Francis, Nigel"]
[Black "Hassaballa Ahmed Hassaballa"]
[Result "1-0"]
[WhiteElo "1775"]
[BlackElo "1902"]
[WhiteTeam "Dominica"]
[BlackTeam "Chad"]
[WhiteFideId "93800010"]
[BlackFideId "12204293"]
[EventDate "2024.09.11"]

1. e4 c5 2. Nf3 e6 3. d4 cxd4 4. Nxd4 Nc6 5. Nc3 Bb4 6. Nb5 a6 7. Nd6+ Bxd6 8.
Qxd6 Qe7 9. Qg3 g6 10. Bf4 b5 11. e5 Bb7 12. O-O-O h6 13. Ne4 Kf8 14. Nd6 Bc8
15. h4 Qd8 16. Bd3 Nge7 17. Qf3 Nf5 18. Bxf5 exf5 19. g4 fxg4 20. Bxh6+ 1-0

[Event "45th Olympiad 2024"]
[Site "Budapest HUN"]
[Date "2024.09.16"]
[Round "6.82"]
[Board "2"]
[White "Mahendra Gurung"]
[Black "Croes, Octavio"]
[Result "0-1"]
[BlackTitle "CM"]
[WhiteElo "1725"]
[BlackElo "1850"]
[WhiteTeam "Bhutan"]
[BlackTeam "Aruba"]
[WhiteFideId "17501300"]
[BlackFideId "1007220"]
[EventDate "2024.09.11"]

1. e4 c6 2. Nf3 d5 3. exd5 cxd5 4. d4 Nc6 5. c3 Bg4 6. h3 Bh5 7. Bf4 e6 8. Nbd2
Bd6 9. Bxd6 Qxd6 10. Bb5 Nf6 11. Qa4 O-O 12. O-O a6 13. Bxc6 bxc6 14. Ne5 c5 15.
Rfe1 cxd4 16. Qxd4 Rab8 17. b3 Rfc8 18. Re3 a5 19. Rg3 Qc5 20. Qa4 Rc7 21. Re1
Bg6 22. Ree3 Rd8 23. Qh4 d4 24. Ne4 Qxe5 25. Rg5 Bf5 26. f4 Nxe4 27. fxe5 dxe3
28. Rxf5 Rd1+ 29. Rf1 e2 30. Re1 Rcd7 31. Kh2 g5 32. Qxe4 Rxe1 33. Kg3 h6 34.
Qe3 Rdd1 35. c4 Ra1 36. Qd2 Kg7 37. c5 Rec1 38. Qxe2 Rxc5 39. Kg4 Rd5 40. g3 Rc1
41. h4 Rcc5 42. hxg5 hxg5 43. Qb2 Rxe5 44. a3 Kg6 45. b4 axb4 46. axb4 Rc4+ 47.
Kh3 g4+ 48. Kg2 Rb5 49. Qh8 Rbxb4 50. Qg8+ Kf6 51. Qd8+ Ke5 52. Qg5+ f5 53. Qe3+
Kd5 54. Qd2+ Kc5 55. Kf2 Kb5 56. Qd7+ Rc6 57. Ke2 Rc4 58. Qb7+ Rb6 59. Qd7+ Kb4
60. Kd2 Rbc6 61. Qb7+ Ka3 62. Qa7+ Ra4 63. Qd7 Rb6 64. Qe7+ Ka2 65. Qc5 Rb2+ 66.
Kc1 Rab4 67. Qa7+ Kb3 68. Qe3+ Ka4 69. Qxe6 Rb1+ 70. Kc2 R4b2+ 71. Kc3 Rb3+ 72.
Kc4 Rc1+ 73. Kd4 Rb4+ 74. Kd3 Rb3+ 75. Kd2 Rc5 76. Qa6+ Kb4 77. Qb6+ Kc4 78.
Qe6+ Rd5+ 79. Kc2 Rxg3 80. Qe2+ Rgd3 81. Kc1 g3 82. Qa2+ Kd4 83. Qa7+ Ke4 84.
Qe7+ Kf3 85. Qg5 Rd1+ 86. Kc2 f4 87. Qg7 g2 88. Qc3+ R5d3 89. Qc6+ Kf2 90. Qc5+
Rd4 91. Qg5 g1=Q 92. Qh4+ Qg3 0-1

[Event "45th Olympiad 2024"]
[Site "Budapest HUN"]
[Date "2024.09.16"]
[Round "6.90"]
[Board "2"]
[White "El, Rozak"]
[Black "Mimbasa Kutesa, Willy"]
[Result "1-0"]
[BlackTitle "FM"]
[WhiteElo "1514"]
[BlackElo "1848"]
[WhiteTeam "Cambodia"]
[BlackTeam "Democratic Republic of the Congo"]
[WhiteFideId "15800113"]
[BlackFideId "21400113"]
[EventDate "2024.09.11"]

1. d4 d5 2. Nf3 Nc6 3. Bf4 Nf6 4. a3 h6 5. Nbd2 Nh5 6. Bg3 Nxg3 7. hxg3 a6 8. e3
Bg4 9. Be2 e6 10. c4 Qd7 11. Rc1 f6 12. Qc2 Bf5 13. Bd3 Bxd3 14. Qxd3 O-O-O 15.
b4 e5 16. dxe5 fxe5 17. cxd5 Qxd5 18. Qxd5 Rxd5 19. Ke2 Be7 20. Rc2 g5 21. Ne4
g4 22. Nfd2 a5 23. Nc3 Rd7 24. b5 Nd8 25. Nc4 Nf7 26. Ne4 Kb8 27. a4 b6 28. Rh5
Rd5 29. f4 gxf3+ 30. gxf3 Rhd8 31. Rf5 Ng5 32. Nxg5 hxg5 33. Rxe5 R5d7 34. g4
Rh8 35. Kf1 Bf6 36. Re6 Rd1+ 37. Ke2 Rd5 38. Nd2 Rh2+ 39. Kd1 Bc3 40. Rxc3
Rdxd2+ 41. Kc1 Rdf2 42. Kb1 Rxf3 43. Rc2 Rh7 44. Kb2 Rg3 45. Rc4 Rd7 46. Kc3 Rg1
47. Ree4 Rdd1 48. Red4 Ra1 49. Kd3 Ra3+ 50. Ke2 Rg3 51. Re4 Rg2+ 52. Kf3 Raa2
53. Re8+ Kb7 54. e4 Rgf2+ 55. Ke3 Rf4 56. Re7 Ra3+ 57. Kd4 Kb8 58. Ke5 Rxg4 59.
Rexc7 Rxe4+ 60. Kxe4 Rxa4 61. Kf5 Rxc4 62. Rxc4 a4 63. Rxa4 Kc7 64. Rd4 g4 65.
Kxg4 Kb7 66. Kf5 Kb8 67. Rc4 Kb7 68. Ke6 Kb8 69. Kd7 Ka7 70. Kc8 1-0

[Event "45th Olympiad 2024"]
[Site "Budapest HUN"]
[Date "2024.09.18"]
[Round "7.17"]
[Board "1"]
[White "Amin, Bassem"]
[Black "Cheparinov, Ivan"]
[Result "1/2-1/2"]
[WhiteTitle "GM"]
[BlackTitle "GM"]
[WhiteElo "2636"]
[BlackElo "2628"]
[WhiteTeam "Egypt"]
[BlackTeam "Bulgaria"]
[WhiteFideId "10601457"]
[BlackFideId "2905540"]
[EventDate "2024.09.11"]

1. Nf3 d5 2. g3 g6 3. Bg2 Bg7 4. d4 Nf6 5. O-O O-O 6. c4 dxc4 7. Na3 c5 8. dxc5
c3 9. Nb5 Na6 10. Nxc3 Nxc5 11. Be3 Nfe4 12. Nxe4 Nxe4 13. Bd4 Bxd4 14. Qxd4
Qxd4 15. Nxd4 Nd6 16. Rac1 Rd8 17. f4 a5 18. Rc7 Ne8 19. Rc4 Nd6 20. Rc7 Ne8 21.
Rc4 Nd6 22. Rc7 Ne8 1/2-1/2

[Event "45th Olympiad 2024"]
[Site "Budapest HUN"]
[Date "2024.09.18"]
[Round "7.17"]
[Board "2"]
[White "Naiditsch, Arkadij"]
[Black "Fawzy, Adham"]
[Result "1-0"]
[WhiteTitle "GM"]
[BlackTitle "GM"]
[WhiteElo "2643"]
[BlackElo "2507"]
[WhiteTeam "Bulgaria"]
[BlackTeam "Egypt"]
[WhiteFideId "4650891"]
[BlackFideId "10613129"]
[EventDate "2024.09.11"]

1. e4 c5 2. Nf3 Nc6 3. Bb5 g6 4. Bxc6 bxc6 5. d4 d5 6. exd5 Qxd5 7. Nc3 Qc4 8.
Qe2 Qxe2+ 9. Nxe2 f6 10. Be3 cxd4 11. Nfxd4 e5 12. Nxc6 a5 13. Bd2 a4 14. Na5
Bf5 15. c4 Bd6 16. b4 Bc7 17. Nc3 Ne7 18. Nb7 O-O 19. Nb5 Bb8 20. O-O Nc6 21.
Rfc1 a3 22. f3 Bd3 23. Nc5 Rd8 24. Nxd3 Rxd3 25. Be1 f5 26. Rd1 Rxd1 27. Rxd1
Kf7 28. Rd3 Ke6 29. Rxa3 Rxa3 30. Nxa3 Nd4 31. Nb5 Nc2 32. Kf2 e4 33. fxe4 Bxh2
34. exf5+ Kxf5 35. a4 Ke4 36. a5 Kd3 37. a6 Bb8 38. c5 1-0

[Event "45th Olympiad 2024"]
[Site "Budapest HUN"]
[Date "2024.09.18"]
[Round "7.17"]
[Board "3"]
[White "Wageih, Kareim"]
[Black "Petrov, Martin"]
[Result "0-1"]
[WhiteTitle "IM"]
[BlackTitle "GM"]
[WhiteElo "2402"]
[BlackElo "2536"]
[WhiteTeam "Egypt"]
[BlackTeam "Bulgaria"]
[WhiteFideId "10604561"]
[BlackFideId "2911086"]
[EventDate "2024.09.11"]

1. Nf3 Nf6 2. b3 d5 3. Bb2 e6 4. e3 Bd6 5. c4 O-O 6. d4 b6 7. Bd3 Bb7 8. Nbd2
Nbd7 9. O-O Ne4 10. Qe2 a5 11. a4 f5 12. Rac1 Rf6 13. Rfd1 Nxd2 14. Rxd2 Rh6 15.
g3 Qe8 16. Rdc2 dxc4 17. bxc4 Qh5 18. Nh4 Qxe2 19. Rxe2 g5 20. Ng2 Bf3 21. Ree1
Bb4 22. Rf1 Nf6 23. h4 Ng4 24. Bc3 gxh4 25. Bxb4 h3 0-1

[Event "45th Olympiad 2024"]
[Site "Budapest HUN"]
[Date "2024.09.18"]
[Round "7.17"]
[Board "4"]
[White "Petkov, Momchil"]
[Black "Wafa, Hamed"]
[Result "1-0"]
[WhiteTitle "GM"]
[BlackTitle "IM"]
[WhiteElo "2540"]
[BlackElo "2368"]
[WhiteTeam "Bulgaria"]
[BlackTeam "Egypt"]
[WhiteFideId "2921642"]
[BlackFideId "10628452"]
[EventDate "2024.09.11"]

1. d4 Nf6 2. c4 e6 3. g3 c5 4. d5 exd5 5. cxd5 d6 6. Nf3 g6 7. a4 Bg7 8. Bg2 O-O
9. Nfd2 Re8 10. O-O Nbd7 11. Na3 b6 12. h3 Bb7 13. e4 a6 14. Rb1 b5 15. axb5
axb5 16. Nxb5 Ne5 17. f4 Ba6 18. fxe5 Bxb5 19. exf6 Bxf1 20. Qxf1 Bxf6 21. Nc4
Qe7 22. Bf4 Bd4+ 23. Kh2 Rad8 24. h4 f6 25. Na5 Ra8 26. Nc6 Qc7 27. Nxd4 cxd4
28. Rc1 Qb6 29. Bh6 Ra7 30. Rc2 Rf7 31. Rf2 f5 32. exf5 d3 33. Rf3 Qxb2 34. fxg6
Rxf3 35. Qxf3 hxg6 36. Qxd3 Kh7 37. Qd2 Qb5 38. Be3 Qc4 39. Qf2 Kg7 40. Bd4+ 1-0

[Event "45th Olympiad 2024"]
[Site "Budapest HUN"]
[Date "2024.09.18"]
[Round "7.18"]
[Board "1"]
[White "Fedoseev, Vladimir3"]
[Black "Rodrigue-Lemieux, Shawn"]
[Result "1-0"]
[WhiteTitle "GM"]
[BlackTitle "GM"]
[WhiteElo "2692"]
[BlackElo "2509"]
[WhiteTeam "Slovenia"]
[BlackTeam "Canada"]
[WhiteFideId "24130737"]
[BlackFideId "2620049"]
[EventDate "2024.09.11"]

1. d4 Nf6 2. c4 e6 3. Nf3 d5 4. g3 Be7 5. Bg2 O-O 6. O-O dxc4 7. Qa4 a6 8. Qxc4
b5 9. Qc2 Bb7 10. Bd2 Ra7 11. Rc1 Be4 12. Qb3 Nc6 13. e3 Qa8 14. Qd1 b4 15. Be1
a5 16. Bf1 Bd5 17. Bc4 a4 18. Bxd5 exd5 19. a3 Na5 20. Nfd2 bxa3 21. Nxa3 Rb8
22. Nab1 Rxb2 23. Rxa4 h5 24. Nc3 Rbb7 25. Qf3 c6 26. Rca1 h4 27. gxh4 Nd7 28.
h5 Nb6 29. R4a2 Bb4 30. Nf1 Nac4 31. Rxa7 Rxa7 32. Rd1 Ra1 33. h6 gxh6 34. Ng3
Nb2 35. Nf5 Nxd1 36. Qg3+ Kf8 37. Nb5 Nxe3 38. Qg7+ Ke8 39. Qg8+ Bf8 40. Nbd6+
Kd8 41. Qxf8+ Kc7 42. Qe7+ Nd7 43. Qxe3 h5 44. Ne8+ Kb6 45. Qb3+ Ka7 46. Qc3 Ra4
47. Nfd6 Nb6 48. Kg2 h4 49. h3 f5 50. Qc5 1-0

[Event "45th Olympiad 2024"]
[Site "Budapest HUN"]
[Date "2024.09.18"]
[Round "7.19"]
[Board "1"]
[White "Brkic, Ante"]
[Black "Sadorra, Julio Catalino"]
[Result "1/2-1/2"]
[WhiteTitle "GM"]
[BlackTitle "GM"]
[WhiteElo "2642"]
[BlackElo "2542"]
[WhiteTeam "Croatia"]
[BlackTeam "Philippines"]
[WhiteFideId "14506688"]
[BlackFideId "5201268"]
[EventDate "2024.09.11"]

1. e4 e5 2. Nf3 Nc6 3. Bb5 a6 4. Ba4 Nge7 5. c3 f6 6. d4 d5 7. dxe5 dxe4 8. Nd4
b5 9. Bb3 Nxd4 10. exf6 Nf3+ 11. gxf3 Qxd1+ 12. Bxd1 gxf6 13. Nd2 Bb7 14. fxe4
O-O-O 15. Bc2 Ng6 16. Nb3 Re8 17. Be3 Bxe4 18. Bxe4 Rxe4 19. O-O-O Bd6 20. Rd4
Rhe8 21. Rg1 f5 22. Rxe4 Rxe4 23. Rg5 f4 24. Nd2 Re5 25. Rxe5 Bxe5 26. Bc5 Kd7
27. Nf3 Ke6 28. Kd2 Kd5 29. Bd4 c5 30. Bxe5 Nxe5 31. Nxe5 Kxe5 1/2-1/2

[Event "45th Olympiad 2024"]
[Site "Budapest HUN"]
[Date "2024.09.18"]
[Round "7.19"]
[Board "2"]
[White "Quizon, Daniel"]
[Black "Martinovic, Sasa"]
[Result "0-1"]
[WhiteTitle "IM"]
[BlackTitle "GM"]
[WhiteElo "2490"]
[BlackElo "2563"]
[WhiteTeam "Philippines"]
[BlackTeam "Croatia"]
[WhiteFideId "5217911"]
[BlackFideId "14509792"]
[EventDate "2024.09.11"]

1. e4 e6 2. d4 d5 3. Nd2 c5 4. exd5 Qxd5 5. Ngf3 cxd4 6. Bc4 Qd6 7. O-O Nf6 8.
Nb3 Nc6 9. Nbxd4 Nxd4 10. Qxd4 Qxd4 11. Nxd4 Bd7 12. Bf4 Rc8 13. Bb3 Bc5 14.
Rad1 O-O 15. c3 Rfd8 16. Rfe1 h6 17. h3 Kf8 18. Be5 b5 19. Rd3 a5 20. a3 Be7 21.
Red1 Ne4 22. Ba2 Nc5 23. R3d2 a4 24. Nc2 Be8 25. Bd4 Nb3 26. Bxb3 axb3 27. Ne3
f6 28. Bc5 Rxd2 29. Bxe7+ Kxe7 30. Rxd2 g5 31. Rd4 f5 32. g3 e5 33. Rb4 Ke6 34.
Rxb3 f4 35. gxf4 gxf4 36. Ng4 Bc6 37. Kf1 h5 38. Nh2 e4 39. Rb4 Ke5 40. Ke2 Rg8
41. Nf1 Rg1 42. c4 bxc4 43. Rb6 Bd5 44. Rh6 f3+ 45. Ke1 c3 46. Rxh5+ Kd6 0-1

[Event "45th Olympiad 2024"]
[Site "Budapest HUN"]
[Date "2024.09.18"]
[Round "7.19"]
[Board "3"]
[White "Livaic, Leon"]
[Black "Bersamina, Paulo"]
[Result "1-0"]
[WhiteTitle "GM"]
[BlackTitle "IM"]
[WhiteElo "2550"]
[BlackElo "2425"]
[WhiteTeam "Croatia"]
[BlackTeam "Philippines"]
[WhiteFideId "14531534"]
[BlackFideId "5206995"]
[EventDate "2024.09.11"]

1. d4 Nf6 2. c4 g6 3. Nc3 d5 4. cxd5 Nxd5 5. e4 Nxc3 6. bxc3 Bg7 7. Be3 O-O 8.
Qd2 c5 9. Rc1 Qa5 10. d5 Nd7 11. c4 Qxd2+ 12. Kxd2 f5 13. exf5 Rxf5 14. Bd3 Rf8
15. Nf3 Re8 16. Ng5 Ne5 17. Bxc5 Nxd3 18. Kxd3 Bf5+ 19. Ke2 Bb2 20. Rcd1 Rac8
21. Bd4 Ba3 22. Bxa7 Rxc4 23. Be3 Ra8 24. Rd4 Rc2+ 25. Rd2 Rxd2+ 26. Bxd2 Bb2
27. Bc1 Rxa2 28. Bxb2 Rxb2+ 29. Ke3 Rb3+ 30. Kf4 Rb4+ 31. Ke3 b5 32. f3 h6 33.
Ne4 Rb2 34. Nd2 Ra2 35. g4 Bc2 36. Kd4 Ra3 37. Kc5 Rd3 38. Ne4 Rxf3 39. Re1 Rf4
40. d6 exd6+ 41. Nxd6 b4 42. Re7 b3 43. Rb7 Rf2 44. h4 g5 45. hxg5 hxg5 46. Kd4
Kf8 47. Ke5 Rf3 48. Ke6 Bg6 49. Ke5 Kg8 50. Ke6 Kh8 51. Ke5 Kg8 52. Ke6 Kf8 53.
Ke5 Bc2 54. Ke6 Rf4 55. Nf5 Kg8 56. Kf6 Ra4 57. Nh6+ Kh8 58. Nf7+ Kh7 59. Nxg5+
Kh6 60. Rh7+ 1-0

[Event "45th Olympiad 2024"]
[Site "Budapest HUN"]
[Date "2024.09.18"]
[Round "7.20"]
[Board "1"]
[White "Galaviz Medina, Sion Radamantys"]
[Black "Vocaturo, Daniele"]
[Result "1/2-1/2"]
[WhiteTitle "IM"]
[BlackTitle "GM"]
[WhiteElo "2488"]
[BlackElo "2600"]
[WhiteTeam "Mexico"]
[BlackTeam "Italy"]
[WhiteFideId "5123119"]
[BlackFideId "813192"]
[EventDate "2024.09.11"]

1. d4 d5 2. c4 dxc4 3. e3 Nf6 4. Bxc4 e6 5. Nf3 c5 6. O-O Nc6 7. Qe2 a6 8. Rd1
b5 9. d5 bxc4 10. dxc6 Qc7 11. Bd2 Qxc6 12. Na3 Be7 13. Nxc4 Bb7 14. Na5 Qc7 15.
Rac1 O-O 16. b4 Rac8 17. bxc5 Bxc5 18. Rxc5 Bxf3 19. Rxc7 Bxe2 20. Rxc8 Rxc8 21.
Rc1 Rxc1+ 22. Bxc1 Nd5 23. Bd2 Bb5 24. e4 Ne7 25. f3 Nc6 26. Nxc6 Bxc6 27. Kf2
e5 28. Ke3 f6 29. Bb4 Kf7 30. a3 Bb5 31. g3 1/2-1/2

[Event "45th Olympiad 2024"]
[Site "Budapest HUN"]
[Date "2024.09.18"]
[Round "7.20"]
[Board "2"]
[White "Lodici, Lorenzo"]
[Black "Cori Quispe, Kevin Joel"]
[Result "1-0"]
[WhiteTitle "GM"]
[BlackTitle "GM"]
[WhiteElo "2556"]
[BlackElo "2461"]
[WhiteTeam "Italy"]
[BlackTeam "Mexico"]
[WhiteFideId "884189"]
[BlackFideId "3814017"]
[EventDate "2024.09.11"]

1. e4 c5 2. Nf3 e6 3. d4 cxd4 4. Nxd4 a6 5. Bd3 Bc5 6. Nb3 Be7 7. O-O d6 8. Qg4
g6 9. Qe2 Nc6 10. a4 Ne5 11. Nc3 Nf6 12. Bh6 Nfg4 13. Bd2 O-O 14. a5 Bd7 15. f4
Nxd3 16. cxd3 Nf6 17. Be3 Rc8 18. Bb6 Qe8 19. e5 dxe5 20. fxe5 Nd5 21. Nxd5 exd5
22. Qe3 Be6 23. Nd4 Qd7 24. Rae1 Rfe8 25. Qh6 Bf8 26. Qf4 Bg7 27. Re3 Qe7 28. b4
Qd7 29. Bc5 Rc7 30. Nb3 d4 31. Nxd4 Bd5 32. Ne2 Qe6 33. Qh4 Bxe5 34. Nf4 Qd7 35.
Nh5 gxh5 36. Qg5+ Bg7 37. Bd4 f6 38. Bxf6 Rxe3 39. Bxg7 1-0

[Event "45th Olympiad 2024"]
[Site "Budapest HUN"]
[Date "2024.09.18"]
[Round "7.20"]
[Board "3"]
[White "Ibarra Chami, Luis Fernando"]
[Black "Moroni, Luca Jr"]
[Result "1/2-1/2"]
[WhiteTitle "GM"]
[BlackTitle "GM"]
[WhiteElo "2427"]
[BlackElo "2558"]
[WhiteTeam "Mexico"]
[BlackTeam "Italy"]
[WhiteFideId "5105048"]
[BlackFideId "865834"]
[EventDate "2024.09.11"]

1. e4 c5 2. Nf3 Nc6 3. d4 cxd4 4. Nxd4 Nf6 5. Nc3 h5 6. h3 g6 7. Nxc6 bxc6 8. e5
Nh7 9. Bd3 Bg7 10. Qe2 O-O 11. O-O d6 12. f4 dxe5 13. f5 gxf5 14. Bxf5 Bxf5 15.
Rxf5 e6 16. Rxh5 f5 17. Bh6 Qf6 18. Bxg7 Qxg7 19. Qc4 Rf6 20. Qxc6 Rb8 21. Rd1
Nf8 22. Na4 Rg6 23. Kh1 e4 24. Qd6 Rb7 25. Rg1 Rc7 26. Nc5 Rf7 27. c3 Qf6 28.
Qf4 Rfg7 29. Qh4 Qxh4 30. Rxh4 Nd7 31. Nxd7 Rxd7 32. Rf4 Kf7 33. Rf2 Kf6 34. c4
Ke5 35. c5 Rg3 36. c6 Rc7 37. Rc2 Rd3 38. b4 a6 39. a4 Rb3 40. Rc5+ Kf4 41. b5
axb5 42. axb5 Kg3 43. Rf1 Rb2 44. Rc3+ Kh4 45. Rc5 Kg3 46. Rc3+ Kh4 47. Rc5 1/2-1/2